000 01412cam a22003735a 4500
001 016558774
003 EG-ScBUE
005 20241117100547.0
008 131125t2015 nyua f b 001 0 eng d
020 _a9781259253591
020 _a1259253597
040 _aStDuBDS
_beng
_erda
_cStDuBDS
_dUk
_dEG-ScBUE
082 0 4 _a519.5
_222
_bESS
245 0 0 _aEssentials of business statistics /
_cBruce L. Bowerman, Miami University [and three others] ; with major contributions by Steven C. Huchendorf, University of Minnesota, Dawn C. Porter, University of Southern California, Patrick J. Schur, Miami University.
250 _aFifth edition.
250 _aMcGraw-Hill international edition.
264 1 _aNew York :
_bMcGraw-Hill Education,
_c[2015]
264 4 _cc2015
300 _a1 volume (various pagings) :
_billustrations ;
_c28 cm
336 _2rdacontent
_atext
_btxt
337 _aunmediated
_2rdamedia
_bn
338 _avolume
_bnc
_2rdacarrier
504 _aIncludes bibliographical references and index.
650 7 _aCommercial statistics.
_2BUEsh
_9802
650 7 _aMathematical statistics.
_2BUEsh
_97173
651 _2BUEsh
653 _bBUSECO
_cDecember2016
655 _vReading book
700 1 _aBowerman, Bruce L.,
700 1 _aHuchendorf, Steven C.,
_econtributor.
700 1 _aSchur, Patrick J.,
_econtributor.
700 1 _aPorter, Dawn C.,
_econtributor.
942 _2ddc
_cBB
999 _c23450
_d23422